000 00571 a2200193 4500
001 62002
005 20260407155913.0
008 260407a1947 arg spa d
003 AR-UNSa-BCEJYS
040 _aAR-UNSa-BCEJYS
_bspa
_cAR-UNSa-BCEJYS
080 _a34(094.4)
_xRecopilaciones de leyes que abarcan mas de una rama del Derecho
245 1 0 _aÍndice Ediar y códigos argentinos
264 1 _aBuenos Aires :
_bEDIAR
_c1947
300 _a1956 p.
_c24 cm.
041 _aspa
942 _cBK
590 _aniveau_biblio:m niveau_hierar:0
100 1 _aAparicio, Carlos
999 _c7533
_d7533